| 000 | 00668nam a2200241Ia 4500 | ||
|---|---|---|---|
| 005 | 20260430150643.0 | ||
| 008 | 008 250103s9999 xx 000 0 eng d | ||
| 037 | _aTheses | ||
| 040 | _aCRL | ||
| 040 | _beng | ||
| 040 | _ceng | ||
| 041 | _2eng | ||
| 041 | _aeng | ||
| 084 | _qCRL | ||
| 100 |
_aSingh Shankar Au.; D. Uma Devi Gu. _91238117 |
||
| 245 | 0 | _aRedefining Dalit Aesthetics Through Socio-Cultural Epiphany in Select Dalit Writings | |
| 260 | _c2024 | ||
| 300 | _a237p. | ||
| 650 | _aArts | ||
| 700 | _aUniversity of Delhi. Faculty of Arts. Deptt. of Modern Indian Languages and Literary Studies | ||
| 942 | _cTH | ||
| 999 |
_c1850309 _d1850309 |
||